Introduction to mechatronics and measurement systems
Enregistré dans:
| Auteur principal: | |
|---|---|
| Format: | Livre |
| Langue: | Undetermined |
| Publié: |
Boston, Masachusetts
McGraw-Hill
1998
|
| Sujets: | |
| Tags: |
Ajouter un tag
Pas de tags, Soyez le premier à ajouter un tag!
|
| Thư viện lưu trữ: | Trung tâm Học liệu Trường Đại học Cần Thơ |
|---|
| LEADER | 00573nam a2200193Ia 4500 | ||
|---|---|---|---|
| 001 | CTU_35530 | ||
| 008 | 210402s9999 xx 000 0 und d | ||
| 020 | |b 254.000đ | ||
| 082 | |a 621 | ||
| 082 | |b H673 | ||
| 100 | |a Michael B Histand | ||
| 245 | 0 | |a Introduction to mechatronics and measurement systems | |
| 245 | 0 | |c Michael B Histand, David G Alciatore | |
| 260 | |a Boston, Masachusetts | ||
| 260 | |b McGraw-Hill | ||
| 260 | |c 1998 | ||
| 650 | |a measuring instruments,mechatronics | ||
| 904 | |i Minh, 000302 | ||
| 980 | |a Trung tâm Học liệu Trường Đại học Cần Thơ | ||